| 000 | 01191nam a2200361 i 4500 | ||
|---|---|---|---|
| 001 | 200463509 | ||
| 003 | TR-AnTOB | ||
| 005 | 20251014073926.0 | ||
| 007 | ta | ||
| 008 | 241227s2020 tu 000 0 tur d | ||
| 020 |
_a9786257137058 _q(paperback) |
||
| 035 | _a(TR-AnTOB)200463509 | ||
| 040 |
_aTR-AnTOB _beng _erda _cTR-AnTOB |
||
| 041 | 0 | _atur | |
| 050 | 4 |
_aJV6035 _b.G63 2020 |
|
| 090 |
_aJV6035 _b.G63 2020 |
||
| 245 | 0 | 0 |
_aGöç ve insanlık / _ceditör Ahmet Sünetci. |
| 250 | _a2. baskı. | ||
| 264 | 1 |
_aAnkara : _bT.C. Cumhurbaşkanlığı Diyanet İşleri Başkanlığı,, _c2020. |
|
| 300 |
_a159 pages ; _c20 cm |
||
| 336 |
_atext _btxt _2rdacontent |
||
| 337 |
_aunmediated _bn _2rdamedia |
||
| 338 |
_avolume _bnc _2rdacarrier |
||
| 490 | 0 |
_aHalk Kitapları ; _v447 |
|
| 500 | _a"genel yayın no: 1797" Page facing title page. | ||
| 650 | 0 |
_aGöç ve göçmenlik _9108354 |
|
| 650 | 7 |
_aİnsan hakları _2etuturkob _911238 |
|
| 651 | 7 |
_aTürkiye _xGöç ve göçmenlik _2etuturkob _926601 |
|
| 700 | 1 |
_aSünetci, Ahmet _eeditor _9147675 |
|
| 710 | 2 |
_aTürkiye. _bDiyanet İşleri Başkanlığı _eissuing body _9141487 |
|
| 942 |
_2lcc _cBK |
||
| 999 |
_c200463509 _d81721 |
||